[Event "Moscow Open 2009 A"]
[Site ""]
[Date "2009.02.01"]
[Round "2.119"]
[White "Barsamian, Eduard"]
[Black "Sergienko, Sergey"]
[Result "1/2-1/2"]
[WhiteElo "2138"]
[BlackElo "2434"]
[Annotator ""]
[Source ""]
[Remark ""]

1.d4 Nf6 2.c4 e6 3.Nc3 Bb4 4.Qc2 O-O 5.Nf3 b6 6.a3 Bxc3+ 7.Qxc3
Ne4 8.Qc2 Bb7 9.g3 f5 10.Bg2 Nc6 11.b3 Qe8 12.Bb2 Ne7 13.Nd2
Qg6 14.O-O Nxd2 15.Qxd2 Bxg2 16.Kxg2 f4 17.Rae1 Rf5 18.Qd3 Raf8
19.f3 Qh6 20.Bc1 g5 21.e4 R5f7 22.gxf4 gxf4 23.Rg1 Ng6 24.Kh1
Rg7 25.Rg4 Kf7 26.e5 Ke8 27.Reg1 Rgf7 28.Qe4 Rf5 29.a4 Rh5 30.R1g2
c6 31.Ba3 Rff5 32.Bc1 Rh3 33.Bd2 Rfh5 34.Bxf4 Qf8 35.Bg3 Rf5
36.Rf2 Qb4 37.Kg2 Rhh5 38.Qd3 Qf8 39.Qe3 Kd8 40.Qd2 Kc8 41.a5
Qd8 42.b4 Nh4+ 43.Bxh4 Rxh4 44.axb6 axb6 45.c5 Kb7 46.Qd3 Rfh5
47.Kg1 Qa8 48.Qb1 Rxg4+ 49.fxg4 Rh4 50.Rg2 Qa3 51.Qe1 Rh3 52.Rg3
Rxg3+ 53.hxg3 Qd3 54.Qf2 Qd1+ 55.Kh2 Qxg4 56.cxb6 Qe4 1/2-1/2

[Event "Moscow Open 2009 A"]
[Site ""]
[Date "2009.02.01"]
[Round "2.120"]
[White "Appolonov, Sergey"]
[Black "Kaljaev, Viacheslav"]
[Result "1-0"]
[WhiteElo "2427"]
[BlackElo "2106"]
[Annotator ""]
[Source ""]
[Remark ""]

1.c4 e5 2.Nc3 Nf6 3.Nf3 Nc6 4.g3 d5 5.cxd5 Nxd5 6.d3 Rb8 7.Bg2
Nf6 8.O-O Be7 9.a3 O-O 10.b4 a6 11.Bb2 b5 12.Rc1 Bb7 13.Nd2 Nd4
14.Nce4 Nd7 15.Nb3 Nxb3 16.Qxb3 Kh8 17.d4 f5 18.Nc5 Nxc5 19.dxc5
Bxg2 20.Kxg2 Bf6 21.Rfd1 Qe7 22.Qd3 e4 23.Bxf6 Qxf6 24.Qd4 Qe6
25.Qd7 Qe5 26.e3 h6 27.Rd5 Qb2 28.Rcd1 Qxa3 29.Qxc7 Rbc8 30.Qe5
Qxb4 31.Rd7 Rg8 32.R1d6 1-0

[Event "Moscow Open 2009 A"]
[Site ""]
[Date "2009.02.01"]
[Round "2.121"]
[White "Mamedov, Elshad"]
[Black "Grishchenko, Sergey"]
[Result "0-1"]
[WhiteElo "2129"]
[BlackElo "2423"]
[Annotator ""]
[Source ""]
[Remark ""]

1.c3 Nf6 2.Qa4 g6 3.g4 Bg7 4.d3 c6 5.Bg2 d5 6.g5 Nfd7 7.h4 Nc5
8.Qb4 Nba6 9.Qf4 e5 10.Qg3 Bf5 11.Nd2 Qe7 12.e4 dxe4 13.dxe4
Be6 14.Bf1 Nc7 15.h5 gxh5 16.Rxh5 O-O-O 17.Qe3 Kb8 18.a4 f5 19.gxf6
Bxf6 20.Ngf3 Bg4 21.Rh2 Qd6 22.Rh6 Nb3 23.Rb1 Bxf3 0-1

[Event "Moscow Open 2009 A"]
[Site ""]
[Date "2009.02.01"]
[Round "2.122"]
[White "Meribanov, Vitaly"]
[Black "Sharafiev, Azat"]
[Result "1/2-1/2"]
[WhiteElo "2125"]
[BlackElo "2421"]
[Annotator ""]
[Source ""]
[Remark ""]

1.e4 c5 2.Nf3 e6 3.Nc3 Nc6 4.d4 cxd4 5.Nxd4 Qc7 6.Be3 a6 7.Bd3
Nf6 8.O-O h5 9.h3 b5 10.Nxc6 Qxc6 11.a3 Bb7 12.Qe2 h4 13.Rfd1
Bd6 14.f4 Nh5 15.e5 Ng3 16.Qf3 Qxf3 17.gxf3 Be7 18.Kf2 Rc8 19.Ne2
Nxe2 20.Kxe2 f5 21.a4 b4 22.Rd2 Kf7 23.Rad1 Rhd8 24.b3 d5 25.Rg1
Rd7 26.Bd4 Rg8 27.Ke3 g6 28.Rdg2 Bf8 29.Ke2 Rc7 30.Bb6 Rc8 31.Ke3
Bh6 32.Bd4 Rg7 33.Bb6 Rgg8 34.Bd4 1/2-1/2

[Event "Moscow Open 2009 A"]
[Site ""]
[Date "2009.02.01"]
[Round "2.123"]
[White "Gnydka, Yaroslav"]
[Black "Sek, Konstantin"]
[Result "0-1"]
[WhiteElo "2098"]
[BlackElo "2417"]
[Annotator ""]
[Source ""]
[Remark ""]

1.d4 Nf6 2.c4 c5 3.d5 e6 4.Nc3 exd5 5.cxd5 d6 6.e4 g6 7.f4 Bg7
8.Bb5+ Nfd7 9.a4 O-O 10.Nf3 Na6 11.O-O Nb4 12.Re1 a6 13.Bf1 Re8
14.Be3 Nf6 15.Bf2 Bg4 16.Bc4 Bxf3 17.gxf3 Nh5 18.Ne2 Bxb2 19.Rb1
Bg7 20.Qc1 Qa5 21.e5 b5 0-1

[Event "Moscow Open 2009 A"]
[Site ""]
[Date "2009.02.01"]
[Round "2.124"]
[White "Potapov, Pavel"]
[Black "Shurunov, Arseny"]
[Result "1-0"]
[WhiteElo "2414"]
[BlackElo "2105"]
[Annotator ""]
[Source ""]
[Remark ""]

1.e4 c5 2.c3 d5 3.exd5 Qxd5 4.d4 e6 5.Nf3 Nf6 6.Bd3 Nc6 7.O-O
cxd4 8.cxd4 Be7 9.Nc3 Qd8 10.a3 O-O 11.Bc2 b6 12.Qd3 Bb7 13.Re1
Qd7 14.d5 exd5 15.Bg5 g6 16.Rxe7 Nxe7 17.Bxf6 Qe6 18.Bd4 Nf5
19.Re1 Qc6 20.Ne5 Qe6 21.Nf3 Qc6 22.Bb3 Nxd4 23.Qxd4 Rad8 24.Re7
Bc8 25.Nxd5 Qc5 26.Qe5 Qc1+ 27.Ne1 Qh6 28.Nf6+ Kh8 29.Nd7+ Qg7
30.Nxf8 1-0

[Event "Moscow Open 2009 A"]
[Site ""]
[Date "2009.02.01"]
[Round "2.125"]
[White "Mingaleev, Ildar"]
[Black "Efanov, Nikolai"]
[Result "0-1"]
[WhiteElo "2009"]
[BlackElo "2411"]
[Annotator ""]
[Source ""]
[Remark ""]

1.e4 c5 2.Nf3 d6 3.d4 cxd4 4.Nxd4 Nf6 5.Nc3 a6 6.a4 g6 7.Be2
Bg7 8.Be3 Nc6 9.O-O O-O 10.Qd2 Ng4 11.Bxg4 Bxg4 12.h3 Bd7 13.Rfd1
Re8 14.Rab1 Rb8 15.b3 Qa5 16.Nd5 Qxd2 17.Rxd2 Nxd4 18.Bxd4 f6
19.Nb6 Bc6 20.f3 Bh6 21.Rd3 Kf7 22.Rbd1 Rg8 23.Be3 Bf8 24.c4
f5 25.exf5 gxf5 26.Bc1 e5 27.Nd5 Re8 28.Be3 Re6 29.R1d2 Reg6
30.Rf2 Be7 31.Nxe7 Kxe7 32.Kf1 e4 33.fxe4 Bxe4 34.Rdd2 Rg3 35.Rfe2
a5 36.Bf4 Rxb3 37.Bxd6+ Kf6 38.Rf2 Rb1+ 39.Ke2 Bxg2 40.Ke3 Re8+
41.Kd4 Re4+ 42.Kc5 b6+ 43.Kd5 Bh1 0-1

[Event "Moscow Open 2009 A"]
[Site ""]
[Date "2009.02.01"]
[Round "2.126"]
[White "Kachko, Alexander"]
[Black "Mukashev, Assan"]
[Result "1-0"]
[WhiteElo "2401"]
[BlackElo "2071"]
[Annotator ""]
[Source ""]
[Remark ""]

1.e4 e6 2.c4 d5 3.cxd5 exd5 4.exd5 Nf6 5.Bc4 Nxd5 6.Ne2 Nb6 7.Bb3
Bd6 8.O-O O-O 9.Nbc3 Nc6 10.d4 Bf5 11.Nb5 Re8 12.Nxd6 Qxd6 13.Bf4
Qd7 14.Qd2 Rad8 15.Rfe1 Ne7 16.a4 Nbd5 17.Bg3 Nf6 18.Bh4 Ned5
19.Bxd5 Qxd5 20.Bxf6 gxf6 21.Rac1 Qd7 22.f3 1-0

[Event "Moscow Open 2009 A"]
[Site ""]
[Date "2009.02.01"]
[Round "2.127"]
[White "Gorin, Alexandr"]
[Black "Novichkov, Valery"]
[Result "0-1"]
[WhiteElo "2004"]
[BlackElo "2400"]
[Annotator ""]
[Source ""]
[Remark ""]

1.d4 Nf6 2.Nf3 e6 3.Bg5 c5 4.Bxf6 Qxf6 5.e3 b6 6.c3 Bb7 7.Nbd2
Qd8 8.Bd3 Be7 9.O-O O-O 10.Rc1 d6 11.Bb1 Nd7 12.Re1 Qc7 13.Qc2
g6 14.Qd3 Rad8 15.e4 e5 16.Qe3 Rfe8 17.a3 Nf6 18.d5 Bf8 19.Bd3
Ng4 20.Qe2 Bh6 21.Rcd1 Bc8 22.h3 Nf6 23.Kh2 Nh5 24.g3 Rf8 25.Ng1
Rde8 26.Ba6 Bxa6 27.Qxa6 f5 28.exf5 gxf5 29.Qe2 Qf7 30.Nc4 Rd8
31.Rf1 Kh8 32.Ne3 Qg6 33.Ng2 e4 34.Rde1 Rde8 35.g4 f4 0-1

[Event "Moscow Open 2009 A"]
[Site ""]
[Date "2009.02.01"]
[Round "2.128"]
[White "Reprintsev, Alexander"]
[Black "Kim, Timur"]
[Result "1/2-1/2"]
[WhiteElo "2400"]
[BlackElo "2010"]
[Annotator ""]
[Source ""]
[Remark ""]

1.e4 d6 2.b3 Nf6 3.Qe2 e5 4.Bb2 c6 5.Nf3 Bg4 6.h3 Bxf3 7.Qxf3
Nbd7 8.g4 Nc5 9.d3 h6 10.Nd2 Be7 11.O-O-O Qc7 12.d4 exd4 13.Bxd4
Ne6 14.Bb2 O-O-O 15.Nc4 Rhf8 16.Bg2 Nd7 17.Qg3 Nb6 18.Ne3 Bg5
19.Kb1 Bf4 20.Qf3 Be5 21.Nf5 Bxb2 22.Kxb2 d5 23.Qc3 f6 24.exd5
cxd5 25.Bxd5 Qxc3+ 26.Kxc3 Nxd5+ 27.Rxd5 Rxd5 28.Ne7+ Kd7 29.Nxd5 1/2-1/2

[Event "Moscow Open 2009 A"]
[Site ""]
[Date "2009.02.01"]
[Round "2.129"]
[White "Paveliev, Alexey"]
[Black "Jakovlev, Alexander"]
[Result "1-0"]
[WhiteElo "2396"]
[BlackElo "1957"]
[Annotator ""]
[Source ""]
[Remark ""]

1.e4 e5 2.Nf3 Nc6 3.Nc3 Nf6 4.Bb5 d6 5.d4 exd4 6.Nxd4 Bd7 7.Bxc6
bxc6 8.Qf3 Be7 9.e5 dxe5 10.Nxc6 Bxc6 11.Qxc6+ Nd7 12.O-O O-O
13.Rd1 Bd6 14.Ne4 Nf6 15.Bg5 Qe8 16.Nxf6+ gxf6 17.Qxe8 Rfxe8
18.Bxf6 Re6 19.Bg5 Rg6 20.Bd2 f5 21.c4 Kf7 22.Bc3 Rag8 23.g3
h5 24.Rd5 Ke6 25.Bxe5 Bxe5 26.Re1 Kf6 27.Rexe5 h4 28.Rxf5+ 1-0

[Event "Moscow Open 2009 A"]
[Site ""]
[Date "2009.02.01"]
[Round "2.130"]
[White "Kapustin, Nikolay"]
[Black "Okara, Andrey"]
[Result "0-1"]
[WhiteElo "1678"]
[BlackElo "2394"]
[Annotator ""]
[Source ""]
[Remark ""]

1.c4 e5 2.Nc3 Nf6 3.d3 d5 4.cxd5 Nxd5 5.Qb3 Nb6 6.Bd2 Nc6 7.e3
Bd6 8.Nb5 O-O 9.Nxd6 cxd6 10.Nf3 Be6 11.Qd1 f5 12.e4 d5 13.Ng5
Bc8 14.Qh5 h6 15.h4 Bd7 16.Qg6 hxg5 17.hxg5 Ne7 18.Qh7+ Kf7 19.Be2
Rh8 20.Bh5+ Ke6 21.Qxg7 Qf8 22.exf5+ Kxf5 23.Bg4+ Kxg4 24.f3+
Kf5 25.g4+ Ke6 26.Rh6+ Rxh6 27.Qxh6+ Qxh6 28.gxh6 Rf8 29.Ke2
d4 30.Bb4 Nbd5 31.Bd2 Ng6 32.Rf1 Ndf4+ 33.Bxf4 Nxf4+ 34.Kd2 Nxd3
35.g5 Kf5 0-1

[Event "Moscow Open 2009 A"]
[Site ""]
[Date "2009.02.02"]
[Round "3.25"]
[White "Onischuk, Alexander"]
[Black "Kharlov, Andrei"]
[Result "1-0"]
[WhiteElo "2659"]
[BlackElo "2511"]
[Annotator ""]
[Source ""]
[Remark ""]

1.d4 Nf6 2.c4 e6 3.Nf3 d5 4.Nc3 c6 5.Bg5 Nbd7 6.cxd5 exd5 7.e3
Be7 8.Bd3 Ne4 9.Bf4 Ndf6 10.Qc2 Bf5 11.Ne5 g6 12.Bh6 Bf8 13.Bxf8
Kxf8 14.g4 Nxg4 15.Nxg4 Bxg4 16.Bxe4 dxe4 17.Qxe4 f5 18.Qf4 Qb8
19.Qh6+ Kf7 20.O-O Qf8 21.Qf4 Re8 22.f3 Bh5 23.Ne4 Kg8 24.Ng3
h6 25.Nxh5 gxh5 26.Kh1 Kh7 27.Rg1 Qf7 28.Rg3 Rhg8 29.Rag1 Rxg3
30.hxg3 Kg6 31.b3 Qe7 32.Re1 Qb4 33.Re2 Qb5 34.Rf2 Re6 35.Kh2
Rf6 36.Qb8 Kg7 37.Qe5 Qd3 38.a4 Kf7 39.Qc7+ 1-0

[Event "Moscow Open 2009 A"]
[Site ""]
[Date "2009.02.02"]
[Round "3.26"]
[White "Zhang, Zhong"]
[Black "Kabanov, Nikolai"]
[Result "1/2-1/2"]
[WhiteElo "2656"]
[BlackElo "2502"]
[Annotator ""]
[Source ""]
[Remark ""]

1.d4 Nf6 2.c4 g6 3.Nf3 Bg7 4.g3 O-O 5.Bg2 d6 6.O-O Nbd7 7.Nc3
e5 8.h3 a6 9.e4 exd4 10.Nxd4 Rb8 11.Be3 Ne5 12.b3 c5 13.Nde2
b5 14.f4 Ned7 15.Qxd6 b4 16.Na4 Nxe4 17.Bxe4 Bxa1 18.Rxa1 Re8
19.Nxc5 Qb6 20.Rd1 Qxd6 21.Rxd6 Nxc5 22.Bxc5 Rxe4 23.Rd8+ Kg7
24.Nd4 Re1+ 25.Kf2 Rf1+ 26.Ke3 Ra8 27.Bf8+ Kf6 28.c5 Rh1 29.h4
Re1+ 30.Kf2 Rf1+ 31.Ke3 Re1+ 32.Kf2 Rf1+ 33.Ke3 Re1+ 34.Kf2 1/2-1/2

[Event "Moscow Open 2009 A"]
[Site ""]
[Date "2009.02.02"]
[Round "3.27"]
[White "Gurevich, Dmitry"]
[Black "Amonatov, Farrukh"]
[Result "0-1"]
[WhiteElo "2507"]
[BlackElo "2647"]
[Annotator ""]
[Source ""]
[Remark ""]

1.d4 Nf6 2.c4 g6 3.Nc3 Bg7 4.e4 d6 5.Nf3 O-O 6.Be2 e5 7.O-O Nc6
8.d5 Ne7 9.Ne1 Nd7 10.Be3 f5 11.f3 f4 12.Bf2 g5 13.Nb5 b6 14.b4
a6 15.Nc3 Rf6 16.c5 Rh6 17.cxd6 cxd6 18.Nd3 Qe8 19.Kh1 Qh5 20.Bg1
Nf6 21.Nf2 Qe8 22.Ng4 Bxg4 23.fxg4 Rc8 24.Rc1 Rxc3 25.Rxc3 Nxe4
26.Ra3 b5 27.Rff3 Qc8 28.Rh3 Rxh3 29.Rxh3 Nc3 30.Qc2 Nxe2 31.Qxe2
h6 32.a4 Qb7 33.axb5 Qxb5 34.Qc2 Qxb4 35.Rb3 Qa5 36.Rb7 Bf6 37.Bb6
Qxd5 38.Rb8+ Kg7 39.Bd8 f3 40.Bxe7 Bxe7 41.gxf3 Qxf3+ 42.Qg2
Qd1+ 43.Qg1 Qd5+ 0-1

[Event "Moscow Open 2009 A"]
[Site ""]
[Date "2009.02.02"]
[Round "3.28"]
[White "Bocharov, Dmitry"]
[Black "Vorotnikov, Vladislav V"]
[Result "1-0"]
[WhiteElo "2647"]
[BlackElo "2421"]
[Annotator ""]
[Source ""]
[Remark ""]

1.d4 d5 2.c4 e5 3.dxe5 d4 4.Nf3 Nc6 5.a3 Nge7 6.b4 Ng6 7.Bb2
a5 8.b5 Ncxe5 9.Nxe5 Nxe5 10.e3 Be6 11.Bxd4 Nxc4 12.Qc2 Nd6 13.Nd2
Nf5 14.Bb2 Bd6 15.Bd3 Qg5 16.Ne4 Qxg2 17.O-O-O O-O-O 18.Rhg1
Qh3 19.Ng5 Nxe3 20.Qe2 Qh4 21.Nxe6 fxe6 22.fxe3 1-0

[Event "Moscow Open 2009 A"]
[Site ""]
[Date "2009.02.02"]
[Round "3.29"]
[White "Nyzhnyk, Illya"]
[Black "Lastin, Alexander"]
[Result "1/2-1/2"]
[WhiteElo "2503"]
[BlackElo "2643"]
[Annotator ""]
[Source ""]
[Remark ""]

1.d4 Nf6 2.c4 e6 3.Nf3 d5 4.Nc3 Bb4 5.e3 O-O 6.Qc2 c5 7.a3 cxd4
8.axb4 dxc3 9.bxc3 Qc7 10.Qb3 b6 11.Bb2 dxc4 12.Qxc4 Qe7 13.Be2
Bb7 14.O-O Rc8 15.Qh4 Nbd7 16.Rfd1 e5 17.b5 Nf8 18.Ba3 1/2-1/2

[Event "Moscow Open 2009 A"]
[Site ""]
[Date "2009.02.02"]
[Round "3.30"]
[White "Ulko, Jaroslav"]
[Black "Zvjaginsev, Vadim"]
[Result "1/2-1/2"]
[WhiteElo "2501"]
[BlackElo "2636"]
[Annotator ""]
[Source ""]
[Remark ""]

1.d4 d5 2.c4 e6 3.Nf3 Nf6 4.Nc3 Nbd7 5.cxd5 exd5 6.Bg5 Be7 7.e3
c6 8.Qc2 Nf8 9.Bd3 Ne6 10.Bh4 g6 11.O-O O-O 12.Rab1 a5 13.a3
Ng7 14.b4 axb4 15.axb4 Bf5 16.Bxf5 Nxf5 17.Bxf6 Bxf6 18.b5 Qa5 1/2-1/2

[Event "Moscow Open 2009 A"]
[Site ""]
[Date "2009.02.02"]
[Round "3.31"]
[White "Gavrilov, Alexei"]
[Black "Volkov, Sergey"]
[Result "1/2-1/2"]
[WhiteElo "2481"]
[BlackElo "2627"]
[Annotator ""]
[Source ""]
[Remark ""]

1.d4 d5 2.c4 c6 3.Nf3 Nf6 4.Nc3 a6 5.cxd5 cxd5 6.Bf4 Nc6 7.Rc1
e6 8.e3 Qb6 9.Qc2 Bd7 10.Be2 Rc8 11.O-O Nh5 12.Bg3 h6 13.Bh4
g6 14.Bg3 Nxg3 15.hxg3 Qc7 16.a3 Bg7 17.b4 O-O 1/2-1/2

[Event "Moscow Open 2009 A"]
[Site ""]
[Date "2009.02.02"]
[Round "3.32"]
[White "Kuzubov, Yuriy"]
[Black "Orlinkov, Maxim L"]
[Result "1-0"]
[WhiteElo "2626"]
[BlackElo "2385"]
[Annotator ""]
[Source ""]
[Remark ""]

1.d4 g6 2.e4 Bg7 3.Nc3 d6 4.Nf3 a6 5.a4 b6 6.Bc4 e6 7.O-O Nd7
8.Bf4 h6 9.h4 Bb7 10.Re1 Ne7 11.Qd2 Kf8 12.Rad1 Qb8 13.b4 Qa7
14.Be3 Qb8 15.Nh2 Kg8 16.h5 g5 17.Ng4 Nf6 18.Nxf6+ Bxf6 19.f4
gxf4 20.Bxf4 Qf8 21.Re3 Rh7 22.Rf1 Nc6 23.e5 dxe5 24.dxe5 Bg7
25.Bd3 Qxb4 26.Bxh7+ Kxh7 27.Rg3 Rd8 28.Qf2 Qc5 29.Qxc5 bxc5
30.Rf2 Rd7 31.Re3 Rd4 32.Bg3 Kg8 33.Kf1 Bf8 34.Bf4 Bg7 35.g3
Bf8 36.Ke1 1-0

[Event "Moscow Open 2009 A"]
[Site ""]
[Date "2009.02.02"]
[Round "3.33"]
[White "Kim, Alexey"]
[Black "Ehlvest, Jaan"]
[Result "0-1"]
[WhiteElo "2470"]
[BlackElo "2595"]
[Annotator ""]
[Source ""]
[Remark ""]

1.e4 g6 2.d4 Bg7 3.Nc3 d6 4.Nf3 Nd7 5.Be2 e5 6.dxe5 dxe5 7.Be3
Ngf6 8.Nd2 O-O 9.Nc4 b6 10.Nd5 Nxe4 11.Bf3 Ndc5 12.Nc3 Qxd1+
13.Nxd1 Bb7 14.Nc3 Rfd8 15.Nxe4 Nxe4 16.Nd2 Nd6 17.Bxb7 Nxb7
18.O-O-O f5 19.f3 Kf7 20.Rhe1 Bf6 21.Re2 h5 22.Rde1 Re8 23.Bf2
Re6 24.Nc4 Rc8 25.Bg3 h4 26.Bf2 Nd6 27.Nd2 h3 28.g4 e4 29.gxf5
gxf5 30.fxe4 Nxe4 31.Rxe4 fxe4 32.Bg3 c6 0-1

[Event "Moscow Open 2009 A"]
[Site ""]
[Date "2009.02.02"]
[Round "3.34"]
[White "Yemelin, Vasily"]
[Black "Demidov, Mikhail"]
[Result "1/2-1/2"]
[WhiteElo "2578"]
[BlackElo "2288"]
[Annotator ""]
[Source ""]
[Remark ""]

1.e4 e6 2.d3 c5 3.Nf3 Nc6 4.g3 d6 5.Bg2 g6 6.d4 Bg7 7.dxc5 dxc5
8.Qxd8+ Nxd8 9.Nc3 Bd7 10.Be3 b6 11.O-O-O Bc6 12.Nd2 Ne7 13.Nc4
Nb7 14.Bf4 O-O 15.Ne5 Bxe5 16.Bxe5 f6 17.Bf4 Rfd8 18.b3 Kf7 19.f3
Rxd1+ 20.Rxd1 e5 21.Be3 Rd8 22.Re1 Bd7 23.Bf1 Be6 24.Nb5 Nc6
25.Nc7 Nd6 26.Nxe6 Kxe6 27.c3 Ke7 28.Kc2 Rc8 29.Kb2 Rd8 30.Kc2
Rc8 31.Kb2 1/2-1/2

[Event "Moscow Open 2009 A"]
[Site ""]
[Date "2009.02.02"]
[Round "3.35"]
[White "Kuporosov, Viktor"]
[Black "Vuckovic, Bojan"]
[Result "0-1"]
[WhiteElo "2422"]
[BlackElo "2576"]
[Annotator ""]
[Source ""]
[Remark ""]

1.Nf3 Nf6 2.g3 d5 3.Bg2 c6 4.d3 Bg4 5.Nbd2 Nbd7 6.h3 Bh5 7.e4
e5 8.O-O Bd6 9.Re1 O-O 10.c3 Qe7 11.a4 Rad8 12.Qc2 dxe4 13.dxe4
Bc7 14.Nc4 Rfe8 15.Bg5 h6 16.Bxf6 Nxf6 17.Ne3 Bg6 18.Nh4 Bh7
19.Nhf5 Bxf5 20.exf5 e4 21.Rad1 Rxd1 22.Rxd1 Qe5 23.Qd2 Bb6 24.Kh2
Bxe3 25.Qxe3 Qxf5 0-1

[Event "Moscow Open 2009 A"]
[Site ""]
[Date "2009.02.02"]
[Round "3.36"]
[White "Zubov, Alexander"]
[Black "Aldokhin, Ivan"]
[Result "1-0"]
[WhiteElo "2574"]
[BlackElo "2251"]
[Annotator ""]
[Source ""]
[Remark ""]

1.d4 Nf6 2.c4 e6 3.Nc3 c5 4.d5 exd5 5.cxd5 d6 6.Nf3 g6 7.Bf4
Bg7 8.Qa4+ Bd7 9.Qb3 Qc7 10.e4 O-O 11.Nd2 Nh5 12.Be3 f5 13.exf5
gxf5 14.Be2 Be8 15.Nf3 f4 16.Bd2 Qe7 17.O-O Bxc3 18.Bxc3 Qxe2
19.Qxb7 Qa6 20.Qxa8 Bb5 21.Rfe1 Bd7 22.Re7 Nc6 23.dxc6 Rxa8 24.cxd7
Qc6 25.Rae1 Rf8 26.Ng5 1-0

[Event "Moscow Open 2009 A"]
[Site ""]
[Date "2009.02.02"]
[Round "3.37"]
[White "Kargin, Arseny"]
[Black "Deviatkin, Andrei"]
[Result "0-1"]
[WhiteElo "2389"]
[BlackElo "2566"]
[Annotator ""]
[Source ""]
[Remark ""]

1.e4 c6 2.d4 d5 3.Nc3 dxe4 4.Nxe4 Bf5 5.Ng3 Bg6 6.h4 h6 7.Nf3
Nd7 8.h5 Bh7 9.Bd3 Bxd3 10.Qxd3 e6 11.Bd2 Ngf6 12.O-O-O Be7 13.Ne4
Nxe4 14.Qxe4 Nf6 15.Qe2 Qd5 16.Kb1 Qe4 17.Be3 Nd5 18.Nd2 Qh7
19.Nf3 a5 20.Ne5 a4 21.Qf3 O-O 22.Bc1 Bd6 23.g4 a3 24.b3 Qe4
25.Rd3 Qxf3 26.Rxf3 b5 27.g5 hxg5 28.h6 Bxe5 29.dxe5 f6 30.hxg7
Kxg7 31.exf6+ Rxf6 32.Rg3 b4 33.Bxg5 Rg6 34.Bh6+ Kf7 35.Bd2 Rxg3
36.fxg3 Rg8 37.Rf1+ Ke7 38.Rf3 e5 39.c4 bxc3 40.Bc1 e4 41.Rf1
Rxg3 42.Re1 Rg4 43.Bxa3+ Ke6 44.Bc5 Ke5 45.a4 Rg2 46.Rc1 Rb2+
47.Ka1 Rxb3 48.Ka2 Rb8 49.Ka3 Rb7 50.Bg1 e3 0-1

[Event "Moscow Open 2009 A"]
[Site ""]
[Date "2009.02.02"]
[Round "3.38"]
[White "Chudinovskikh, Alexander M"]
[Black "Grigoriants, Sergey"]
[Result "1/2-1/2"]
[WhiteElo "2379"]
[BlackElo "2565"]
[Annotator ""]
[Source ""]
[Remark ""]

1.e4 c5 2.Nf3 Nc6 3.d4 cxd4 4.Nxd4 e6 5.Nb5 d6 6.c4 a6 7.N5c3
Nf6 8.Be2 Be7 9.O-O b6 10.Re1 O-O 11.Bf4 Bb7 12.Bf1 Ne5 13.Nd2
Qc7 14.Rc1 Rad8 15.a3 Qb8 16.b4 Rfe8 17.f3 Ba8 18.Be3 d5 19.exd5
exd5 20.cxd5 Nxd5 21.Nxd5 Rxd5 22.Rc3 Bh4 23.Re2 Nd3 24.Rxd3
Rxd3 25.Bf4 Rxe2 1/2-1/2

[Event "Moscow Open 2009 A"]
[Site ""]
[Date "2009.02.02"]
[Round "3.39"]
[White "Balashov, Yuri S"]
[Black "Safarli, Eltaj"]
[Result "1/2-1/2"]
[WhiteElo "2378"]
[BlackElo "2564"]
[Annotator ""]
[Source ""]
[Remark ""]

1.Nf3 Nf6 2.c4 g6 3.Nc3 d5 4.Qa4+ Bd7 5.Qb3 dxc4 6.Qxc4 Bg7 7.g3
O-O 8.Bg2 Nc6 9.d3 Bg4 10.Qa4 Qd7 11.Be3 b5 12.Qc2 b4 13.Na4
Nd5 14.Nc5 Qd6 15.Ne4 Nxe3 16.fxe3 b3 17.Nxd6 bxc2 18.Nc4 Rab8
19.Rc1 Bxb2 20.Rxc2 Bg7 21.a3 Bxf3 22.Bxf3 Ne5 23.Kf2 Rb3 24.d4 1/2-1/2

[Event "Moscow Open 2009 A"]
[Site ""]
[Date "2009.02.02"]
[Round "3.40"]
[White "Kharitonov, Andrei V"]
[Black "Venevtsev, Andrey"]
[Result "1/2-1/2"]
[WhiteElo "2563"]
[BlackElo "2230"]
[Annotator ""]
[Source ""]
[Remark ""]

1.d4 Nf6 2.Nf3 c5 3.d5 e6 4.Nc3 exd5 5.Nxd5 Nxd5 6.Qxd5 Nc6 7.Bg5
Be7 8.c3 d6 9.e4 Be6 10.Qd2 O-O 11.Be2 Ne5 12.Bxe7 Qxe7 13.O-O
Bg4 14.Nxe5 Bxe2 15.Qxe2 dxe5 16.Rfd1 Rad8 17.g3 g6 18.Kg2 1/2-1/2

[Event "Moscow Open 2009 A"]
[Site ""]
[Date "2009.02.02"]
[Round "3.41"]
[White "Shukh, Nikolai"]
[Black "Yudin, Sergei"]
[Result "0-1"]
[WhiteElo "2364"]
[BlackElo "2562"]
[Annotator ""]
[Source ""]
[Remark ""]

1.e4 d6 2.d4 Nf6 3.Nc3 e5 4.Nf3 Nbd7 5.Bc4 Be7 6.O-O O-O 7.Re1
a6 8.a4 b6 9.Bg5 Bb7 10.Qe2 h6 11.Bd2 exd4 12.Nxd4 Re8 13.Ba2
Bf8 14.Qc4 Ne5 15.Qf1 c5 16.Nf5 Qd7 17.Ng3 Bc6 18.f4 Ng6 19.Bc4
Qb7 20.Qd3 Kh8 21.Rad1 Reb8 22.b3 b5 23.axb5 axb5 24.Bd5 Nxd5
25.exd5 Bd7 26.Qf3 b4 27.Nce4 Ra2 28.f5 Ne5 29.Qf4 f6 30.Qh4
Be8 31.Nxf6 Rxc2 32.Nxe8 Rxe8 33.Bf4 c4 34.f6 Nf3+ 35.gxf3 Qb6+
36.Kh1 Rxe1+ 37.Rxe1 Qf2 38.Bd2 Qxf3+ 39.Kg1 Rxd2 40.fxg7+ Bxg7 0-1

[Event "Moscow Open 2009 A"]
[Site ""]
[Date "2009.02.02"]
[Round "3.42"]
[White "Hambardzumian, Yuri"]
[Black "Zherebukh, Yaroslav"]
[Result "0-1"]
[WhiteElo "2361"]
[BlackElo "2558"]
[Annotator ""]
[Source ""]
[Remark ""]

1.e4 c5 2.Nf3 d6 3.d4 cxd4 4.Nxd4 Nf6 5.Nc3 a6 6.Be3 e5 7.Nf3
Be7 8.Bc4 O-O 9.O-O Be6 10.Bxe6 fxe6 11.Na4 Nfd7 12.c4 Nc6 13.Rc1
Nc5 14.Nc3 Qe8 15.a3 Qg6 16.Re1 Nxe4 17.Nxe4 Qxe4 18.Bg5 Qf5
19.Bxe7 Nxe7 20.Qxd6 Ng6 21.Qb6 Nf4 22.Nxe5 Qg5 23.g3 Nh3+ 24.Kh1
Nxf2+ 25.Kg2 Qf5 26.Re2 Nd3 27.g4 Qf6 0-1

[Event "Moscow Open 2009 A"]
[Site ""]
[Date "2009.02.02"]
[Round "3.43"]
[White "Haroutjunian, Dmitri"]
[Black "Ponkratov, Pavel"]
[Result "0-1"]
[WhiteElo "2288"]
[BlackElo "2557"]
[Annotator ""]
[Source ""]
[Remark ""]

1.Nf3 Nf6 2.c4 c5 3.g3 Nc6 4.Bg2 d5 5.cxd5 Nxd5 6.O-O Nc7 7.Nc3
e5 8.d3 Be7 9.Nd2 Bd7 10.Nc4 O-O 11.Bxc6 Bxc6 12.Nxe5 Be8 13.Be3
Ne6 14.Qb3 Bf6 15.Ng4 Bd4 16.Bxd4 Nxd4 17.Qd1 Bd7 18.e3 Nc6 19.e4
Bxg4 20.Qxg4 Qxd3 21.Rfd1 Qc4 22.Rac1 Kh8 23.b3 Qa6 24.Qe2 Qa3
25.Nb5 Qa5 26.Nd6 b6 27.Qb5 Qxb5 28.Nxb5 Rad8 29.Kg2 g6 30.f4
f6 31.a3 Na5 32.b4 Nb3 33.Rxd8 Rxd8 34.Rc2 a6 35.Nc7 Rd3 36.bxc5
Nxc5 37.a4 Nxe4 38.Nxa6 Ra3 39.Rc4 Ra2+ 40.Kg1 Nd2 41.Rc3 Rxa4
42.Nc7 Rc4 43.Rxc4 Nxc4 0-1

[Event "Moscow Open 2009 A"]
[Site ""]
[Date "2009.02.02"]
[Round "3.44"]
[White "Yakovich, Yuri"]
[Black "Kotov, Alexander"]
[Result "1-0"]
[WhiteElo "2556"]
[BlackElo "2203"]
[Annotator ""]
[Source ""]
[Remark ""]

1.c4 Nf6 2.Nc3 c5 3.g3 d5 4.cxd5 Nxd5 5.Bg2 Nc7 6.Qa4+ Qd7 7.b3
e5 8.Ba3 Be7 9.Rc1 Nba6 10.Qxd7+ Kxd7 11.Nf3 f6 12.O-O Rd8 13.e3
Rb8 14.Rfd1 Ne6 15.Nd5 Bf8 16.d4 exd4 17.exd4 Ke8 18.dxc5 Bxc5
19.Bxc5 Naxc5 20.Nh4 b6 21.b4 Na6 22.Nf5 Kf8 23.Re1 Nf4 24.Nxf4
Bxf5 25.Be4 Bd7 26.Bxh7 Re8 27.Rxe8+ Rxe8 28.a3 Rc8 29.Rxc8+
Bxc8 30.Bd3 Nc7 31.Kf1 Bg4 32.Ke1 Ke7 33.Kd2 Kd6 34.Bc4 g5 35.Ng2
Bf3 36.Ne3 Ke5 37.Bd3 Bh5 38.Kc3 Nd5+ 39.Kc4 Nxe3+ 40.fxe3 Be8
41.h4 gxh4 42.gxh4 f5 43.Bc2 a6 44.Bd3 Bf7+ 45.Kc3 a5 46.Bc2
f4 47.exf4+ Kxf4 1-0

[Event "Moscow Open 2009 A"]
[Site ""]
[Date "2009.02.02"]
[Round "3.45"]
[White "Pichugin, Andrei"]
[Black "Chernyshov, Konstantin"]
[Result "1-0"]
[WhiteElo "2221"]
[BlackElo "2544"]
[Annotator ""]
[Source ""]
[Remark ""]

1.e4 g6 2.d4 Bg7 3.Nc3 a6 4.a4 d6 5.f4 Nc6 6.Be3 Nf6 7.Nge2 O-O
8.e5 dxe5 9.fxe5 Nd5 10.Nxd5 Qxd5 1-0

[Event "Moscow Open 2009 A"]
[Site ""]
[Date "2009.02.02"]
[Round "3.46"]
[White "Tseshkovsky, Vitaly"]
[Black "Inants, Aghasi"]
[Result "1-0"]
[WhiteElo "2542"]
[BlackElo "2192"]
[Annotator ""]
[Source ""]
[Remark ""]

1.e4 e5 2.Nf3 Nc6 3.Bb5 a6 4.Ba4 Nf6 5.O-O Be7 6.Re1 b5 7.Bb3
O-O 8.d3 Bb7 9.Nc3 Na5 10.Nxe5 b4 11.Nxf7 Rxf7 12.Bxf7+ Kxf7
13.e5 bxc3 14.exf6 Bxf6 15.Qh5+ Kg8 16.Qxa5 cxb2 17.Bxb2 Bxb2
18.Rab1 Qf6 19.Qb4 Bxg2 20.Qb3+ d5 21.Qxb2 Qg6 22.Qe5 1-0

[Event "Moscow Open 2009 A"]
[Site ""]
[Date "2009.02.02"]
[Round "3.47"]
[White "Sveshnikov, Evgeny"]
[Black "Oparin, Grigoriy"]
[Result "1-0"]
[WhiteElo "2535"]
[BlackElo "2189"]
[Annotator ""]
[Source ""]
[Remark ""]

1.e4 d6 2.d4 Nf6 3.Nc3 c6 4.Be3 Qa5 5.Qd2 e5 6.h3 b5 7.Bd3 Be7
8.Nf3 O-O 9.O-O Qc7 10.dxe5 dxe5 11.Ne2 Nbd7 12.Ng3 Rd8 13.Nf5
Nc5 14.Nxe7+ Qxe7 15.Qc3 Nfxe4 16.Bxe4 Nxe4 17.Qxc6 Bb7 18.Qxb5
Rd5 19.Qe2 f5 20.Rad1 Ra5 21.Qc4+ Kh8 22.Rfe1 Rc8 23.Qb3 f4 24.Bd2
Bd5 25.Qb4 Rac5 1-0